| 000 | 00358pam a2200145 a 4500 | ||
|---|---|---|---|
| 020 |
_a0716660539 _c |
||
| 041 | _aeng | ||
| 082 |
_a000 _bWOR |
||
| 100 | _aWorld Book, Inc. | ||
| 245 |
_aThe World Book Encyclopedia of Science Vol - I _hTextual Documents |
||
| 260 |
_aChicago _bWorld Book, Inc. _c1989 |
||
| 300 | _a158. | ||
| 653 | _aGeneral | ||
| 930 | _a2626 | ||
| 999 |
_c75907 _d75907 |
||